000 00575nam a2200193Ia 4500
005 20250508164857.0
008 008 250505s9999 xx 000 0 eng d
037 _aDissertations
040 _aFEDL
_beng
_cFEDL
041 _aeng
_2eng
084 _a370.19, MAO/DI
_qFEDL
100 _aMao Akha Kaihrii
245 0 _aSocial dynamics of student migrants form north-east to the University of Delhi
260 _c2004
300 _a86p.
546 _aM.Ed Dissertation, (Delhi University)
942 _cDIS
_h370.19, MAO/DI
999 _c1391744
_d1391744